01287cam a22003014a 450000100090000000300040000900500170001300800410003001000170007102000180008804000180010608200160012424503100014026000260045030000190047649000360049565000530053165000320058465000360061665000250065265000300067765000350070785600760074290600450081894200120086399900150087595200950089015162859OSt20230704104541.0080131s2007 sz 100 0 eng  a 2008365286 a9789291423538 aDLCcDLCdDLC a340.11bIPU00aLaw and justice :bthe case for parliamentary scrutiny : seminar for members of parliamentary human rights bodies organized jointly by the Association for the Prevention of Torture, the Inter-Parliamentary Union and the International Commission of Jurists : Geneva, IPU Headquarters, 25-27 September 2006. aGeneva :bIPU,c2007. a124 p.c29 cm.0 aReports and documents ;vno. 51 0aCriminal justice, Administration ofvCongresses. 0aJudicial powervCongresses. 0aDue process of lawvCongresses. 0aTorturevCongresses. 0aHuman rightsvCongresses. 0aLegislative powervCongresses.413Table of contentsuhttp://www.loc.gov/catdir/toc/fy0803/2008365286.html a7bcbccorignewd2encipf20gy-gencatlg 2ddccBK c3669d3669 00102ddc4070a002b002d2023-07-04l0o340.11 IPUp10014194r2023-07-04w2023-07-04yBK